<?xml version="1.0" encoding="UTF-8"?>
<record
    xmlns:xsi="http://www.w3.org/2001/XMLSchema-instance"
    xsi:schemaLocation="http://www.loc.gov/MARC21/slim http://www.loc.gov/standards/marcxml/schema/MARC21slim.xsd"
    xmlns="http://www.loc.gov/MARC21/slim">

  <leader>01712nam a2200193 a 4500</leader>
  <controlfield tag="001">000023167</controlfield>
  <controlfield tag="005">20200930022030.0</controlfield>
  <controlfield tag="008">101129s1985    mx      r     000 | spa d</controlfield>
  <datafield tag="040" ind1=" " ind2=" ">
    <subfield code="a">DO-SdBNP</subfield>
    <subfield code="b">spa</subfield>
    <subfield code="c">BNPHU</subfield>
  </datafield>
  <datafield tag="082" ind1=" " ind2=" ">
    <subfield code="a">xxx</subfield>
    <subfield code="b">P467s</subfield>
  </datafield>
  <datafield tag="245" ind1="1" ind2="0">
    <subfield code="a">Perspectivas social y pol&#xED;tica sobre directrices de energ&#xED;a /</subfield>
    <subfield code="c">editado por Karen M. Gentemann ; traducci&#xF3;n de Rosa Mar&#xED;a Arroyo Tepichin.</subfield>
  </datafield>
  <datafield tag="260" ind1=" " ind2=" ">
    <subfield code="a">Mexico :</subfield>
    <subfield code="b">Noema,</subfield>
    <subfield code="c">1985.</subfield>
  </datafield>
  <datafield tag="300" ind1=" " ind2=" ">
    <subfield code="a">262 p. :</subfield>
    <subfield code="b">il., mapas ;</subfield>
    <subfield code="c">21 cm.</subfield>
  </datafield>
  <datafield tag="505" ind1="0" ind2=" ">
    <subfield code="t">Introducci&#xF3;n /</subfield>
    <subfield code="r">Thomas J. Wilbanks</subfield>
    <subfield code="t">Problemas, dilemas y la crisis de energ&#xED;a /</subfield>
    <subfield code="r">David W. Orr</subfield>
    <subfield code="t">Evoluci&#xF3;n de la tecnolog&#xED;a: una perspectiva del impacto social en las tecnolog&#xED;as de la energ&#xED;a alternativa /</subfield>
    <subfield code="r">Roger P. Hansen</subfield>
    <subfield code="t">Comparaciones del uso de la energ&#xED;a entre pa&#xED;ses: implicaciones para la pol&#xED;tica de los Estados Unidos /</subfield>
    <subfield code="r">Joel Darmstadter</subfield>
    <subfield code="t">Costos de energ&#xED;a en aumento y el pobre: nuevos retos para la organizaci&#xF3;n de la comunidad /</subfield>
    <subfield code="r">John W. Hatch y Tony L. Whitehead</subfield>
    <subfield code="t">Evaluaci&#xF3;n de los impactos sociales sobre la conservaci&#xF3;n de la energ&#xED;a /</subfield>
    <subfield code="r">Marvin E. Olson</subfield>
    <subfield code="t">Consecuencias para la salud de los sistemas de energ&#xED;a alternativa /</subfield>
    <subfield code="r">Carl M. Shy</subfield>
    <subfield code="t">Altruismo y conservaci&#xF3;n de la energ&#xED;a: generando apoyo p&#xFA;blico /</subfield>
    <subfield code="r">Elizabeth Martin</subfield>
    <subfield code="t">Aspectos intergubernamentales, institucionales y sociales de los sistemas nacionales de producci&#xF3;n de energ&#xED;a /</subfield>
    <subfield code="r">Edward L. Helminski</subfield>
    <subfield code="a">Funciones gubernamentales en la administraci&#xF3;n de energ&#xED;a: una perspectiva de investigaci&#xF3;n y agenda/</subfield>
    <subfield code="r">Anne D. Stubbs</subfield>
  </datafield>
  <datafield tag="534" ind1=" " ind2=" ">
    <subfield code="a">T&#xED;tulo original :</subfield>
    <subfield code="t">Social and political perspectives on energy policy</subfield>
  </datafield>
  <datafield tag="700" ind1="1" ind2=" ">
    <subfield code="a">Arroyo Tepichin, Rosa Mar&#xED;a</subfield>
    <subfield code="e">tr.</subfield>
    <subfield code="9">47690</subfield>
  </datafield>
  <datafield tag="700" ind1="1" ind2=" ">
    <subfield code="a">Wilbanks, Thomas J.</subfield>
    <subfield code="e">introd.</subfield>
    <subfield code="9">47691</subfield>
  </datafield>
  <datafield tag="049" ind1=" " ind2=" ">
    <subfield code="a">BNGR</subfield>
  </datafield>
  <datafield tag="952" ind1=" " ind2=" ">
    <subfield code="0">0</subfield>
    <subfield code="1">0</subfield>
    <subfield code="5">0</subfield>
    <subfield code="7">1</subfield>
    <subfield code="8">MO</subfield>
    <subfield code="a">GR</subfield>
    <subfield code="b">GR</subfield>
    <subfield code="c">CT</subfield>
    <subfield code="d">2010-11-29</subfield>
    <subfield code="i">LF1</subfield>
    <subfield code="l">0</subfield>
    <subfield code="o">xxx P467s</subfield>
    <subfield code="p">23167-10</subfield>
    <subfield code="r">2020-06-25</subfield>
    <subfield code="w">2020-06-25</subfield>
    <subfield code="y">1</subfield>
    <subfield code="Z">No se presta</subfield>
  </datafield>
  <datafield tag="999" ind1=" " ind2=" ">
    <subfield code="c">22664</subfield>
    <subfield code="d">22664</subfield>
  </datafield>
</record>
